| 000 | 005550000a22002050004500 | ||
|---|---|---|---|
| 003 | LK-CoMWRAF | ||
| 005 | 20230930154418.0 | ||
| 008 | 230817t ||||| |||| 00| 0 eng d | ||
| 020 | _a0764801813 | ||
| 040 |
_aLK-CoMWRAF _dLK-CoMWRAF _eLK-CoMWRAF |
||
| 041 | _aeng | ||
| 082 |
_a226.9 _bWEE |
||
| 100 | _aWeeramantry, C. G. | ||
| 245 |
_aThe Lord's prayer : _bBridge to a better world |
||
| 260 |
_aU.S.A : _bLiguori/Triumph, _c1998 |
||
| 300 | _axii, 289 p. ; 24 cm. | ||
| 650 | _aLord's prayer | ||
| 650 | _aChristianity and justice | ||
| 942 | _cBK | ||
| 999 |
_c1108 _d1108 |
||